Loreto College Library, Kolkata
WEBOPAC (ONLINE PUBLIC ACCESS CATALOGUE)

The poetical works of Alexander Pope (Record no. 5797)

MARC details
000 -LEADER
fixed length control field 00600nam a2200181Ia 4500
008 - FIXED-LENGTH DATA ELEMENTS--GENERAL INFORMATION
fixed length control field 131103s9999 xx 000 0 und d
040 ## - CATALOGING SOURCE
Original cataloging agency Loreto College
041 ## - LANGUAGE CODE
Language code English
082 ## - DDC | ডিউই
Classification number | বর্গসংখ্যা 821.5/POP
Book Number | গ্রন্থাঙ্ক - ROS/821.53/POP LCLIB/
245 #4 - TITLE STATEMENT | অাখ্যা বিবরণী
Title | অাখ্যা The poetical works of Alexander Pope
Statement of responsibility | লেখকের দায়িত্বের বিবরণ edited with a critical memoir William Michael Rossetti;illustrated by Thomas Seccombe
260 ## - IMPRINT | প্রকাশনা ক্ষেত্র
Place of publication | প্রকাশ স্থান London
Name of publisher | প্রকাশকের নাম Ward
Date of publication | প্রকাশ কাল [19 -?]
300 ## - PHYSICAL DESCRIPTION |
Page / Vol. No | পৃষ্ঠা / খন্ড সংখ্যা xxxix,600 p.
650 ## - SUBJECT ADDED ENTRY--TOPICAL TERM | বিষয় শিরোনাম - মূল বিষয়
Topical term | মূল বিষয় English Poetry
651 ## - SUBJECT ADDED ENTRY--GEOGRAPHIC NAME | বিষয় শিরোনাম - ভৌগলিক নাম
Geographic name | ভৌগলিক বিষয় Pope,Alexander - Poetry - Collection
700 ## - ADDED ENTRY--PERSONAL NAME | অতিরিক্ত সংলেখ - ব্
Personal name | ব্যাক্তিনাম Rossetti,William Michael,ed.
850 ## - HOLDING INSTITUTION
Holding institution LCLIB
942 ## - ADDED ENTRY ELEMENTS (KOHA)
Koha item type Books
Holdings
Withdrawn status Lost status Damaged status Not for loan Home library Current library Date acquired Total Checkouts Full call number Accession No. Date last seen Price effective from Koha item type
        Loreto College Loreto College 04/11/2013   821.5/POP - ROS/821.53/POP LCLIB/ B5665 04/11/2013 04/11/2013 Books